| 000 | 00755cam a2200217 a 4500 | ||
|---|---|---|---|
| 001 | 000008782 | ||
| 005 | 20200929161416.0 | ||
| 008 | 911003s1985 ag 000 f spa d | ||
| 040 |
_aDO-SdBNP _cDLC _dDLC |
||
| 082 |
_aCh863.44 _bE26m |
||
| 100 | 1 |
_aEdwards, Jorge _q(Jorge Edwards Valdés), _d1931- _923325 |
|
| 245 | 1 | 3 |
_aEl museo de cera / _cJorge Edwards. |
| 260 |
_aBuenos Aires : _bSeix Barral, _cc1985. |
||
| 300 |
_a189 p. ; _c19 cm. |
||
| 490 | 1 | _aLiteratura contemporánea Seix Barral | |
| 590 | _aLa biblioteca posee 1 ejemplar autografiado por el autor. | ||
| 650 | 4 |
_aNovela chilena _93163 |
|
| 650 | 4 |
_aLiteratura chilena _ySIGLO XX _914677 |
|
| 830 | 0 |
_aLiteratura contemporánea Seix Barral. _923326 |
|
| 910 | _aCatalogación por copia / LC | ||
| 999 |
_c8551 _d8551 |
||